| 000 | 00550nam a22001697a 4500 | ||
|---|---|---|---|
| 999 |
_c181777 _d181777 |
||
| 005 | 20211005170705.0 | ||
| 010 | _aEN230921 | ||
| 020 |
_a9789351507338 _c450.00 |
||
| 037 | _bSage | ||
| 100 | _aChakrabarty, Bidyut | ||
| 245 |
_aIndian administration: _bevolution and practice / _cby Bidyut Chakrabarty [and] Prakash Chand |
||
| 260 |
_aNew Delhi _bSage Publications _c2016 |
||
| 270 |
_aB1/I-1, Mohan Cooperative Industrial Area, Mathura Road _bNew Delhi _e110044 |
||
| 300 |
_avp. _c24cm(pbk) |
||
| 700 | _aChand, Prakash | ||
| 942 |
_2ddc _cEN _mCHA |
||